00000000cam 2200000zi 4500
0019.955649
003CaOODSP
00520251208111747
006m     o  d f      
007cr |n|||||||||
008250923e202511  oncd    ob   f000 0 eng d
020 |a9780660790855
040 |aCaOODSP|beng|erda|cCaOODSP
043 |an-cn---
0861 |aFs70-5/2025-068E-PDF
1001 |aLewis, Keith P., |eauthor.
24510|aReview and evaluation of potential limit reference points for 2J3KL capelin (Mallotus villosus) / |cKeith P. Lewis, Paul. M. Regular, Mariano Koen-Alonso, Fran Mowbray, Hannah M. Murphy, Aaron T. Adamack, Christina Bourne.
264 1|aOttawa : |bCanadian Science Advisory Secretariat (CSAS), |cNovember 2025
264 4|c©2025
300 |a1 online resource (iv, 35 pages) : |bgraphs.
336 |atext|btxt|2rdacontent
337 |acomputer|bc|2rdamedia
338 |aonline resource|bcr|2rdacarrier
4901 |aResearch document, |x1919-5044 ; |v2025/068
500 |aIssued also in French under title: Examen et évaluation des points de référence limites possibles pour le capelan (Mallotus villosus) des divisions 2J3KL.
504 |aIncludes bibliographical references (pages 14-20).
650 0|aCapelin|zNewfoundland and Labrador|zAtlantic Coast.
650 0|aCapelin fisheries|zNewfoundland and Labrador|zAtlantic Coast.
650 0|aFish stock assessment|zNewfoundland and Labrador|zAtlantic Coast.
7101 |aCanada. |bDepartment of Fisheries and Oceans. |bNewfoundland and Labrador Region, |eissuing body.
7102 |aCanadian Science Advisory Secretariat, |eissuing body.
77508|tExamen et évaluation des points de référence limites possibles pour le capelan (Mallotus villosus) des divisions 2J3KL / |w(CaOODSP)9.955651
830#0|aResearch document (Canadian Science Advisory Secretariat)|v2025/068.|w(CaOODSP)9.507396
85640|qPDF|s955 KB|uhttps://publications.gc.ca/collections/collection_2025/mpo-dfo/fs70-5/Fs70-5-2025-068-eng.pdf